000 02197cam a2200625 4500
999 _c23333
_d23333
001 vtls011699502
005 20221003075711.0
008 200316s2017 xo g 000 fdslo
020 _a9788056900123
_q(viazané)
035 _aurn:nbn:sk:snk-am00dgok
035 _aurn:nbn:sk:snk-am3i1ny
035 _aE02A473E-66F9-45AC-9748-42DCB2D95B13
040 _aTTKJF
_bslo
_cTTKJF
_dSNK
_erda
041 1 _aslo
_hfre
044 _axo
_cSK
072 7 _a821.133.1-3
_xFrancúzska próza, francúzsky písaná
_2konspekt
080 _a821.133.1-31
_22011
080 _a329.17-051
_22011
080 _a323.25/.26:329.18
_22011
080 _a(437)
_22011
080 _a(437.3)
_22011
080 _a(0:82-311.6)
_22011
080 _a323.285
_22011
100 1 _aBinet, Laurent,
_d1972-
_4aut
_93351
240 1 0 _aHHhH
_lSlovensky
245 1 0 _aHeydrich
_bmuž so železným srdcom
_cLaurent Binet ; z francúzskeho originálu HHhH ... preložila Mária Ferenčuhová
246 3 0 _aMuž so železným srdcom
250 _a2. vydanie
264 1 _aBratislava
_bMarenčin PT, spol. s r.o.
_c2017
300 _a333 strán
_c21 cm
336 _atext
_btxt
_2rdacontent
337 _abez média
_bn
_2rdamedia
338 _azväzok
_bnc
_2rdacarrier
500 _aBiografické údaje
600 1 7 _aHeydrich, Reinhard,
_d1904-1942
_2SNKMA
_93352
648 7 _a1942
_2SNKPH
_93353
650 0 7 _anacisti
_2SNKPH
_93354
650 0 7 _aatentáty
_2SNKPH
_93355
650 0 7 _aprotifašistický odboj
_2SNKPH
_91752
650 0 7 _aNazis
_2SNKPHeng
_93356
650 0 7 _aAssassinations
_2SNKPHeng
_93357
650 0 7 _aAnti-fascist movements
_2SNKPHeng
_91753
651 7 _aProtektorát Čechy a Morava (1939-1945)
_2SNKPH
_93358
651 7 _aČeskoslovensko
_2SNKPH
_92068
651 7 _aBohemia and Moravia
_2SNKPHeng
_93359
651 7 _aCzechoslovakia
_2SNKPHeng
_92069
655 7 _afrancúzske romány
_2SNKPH
_92368
655 7 _avojnové romány
_2SNKPH
_93067
655 7 _aFrench fiction
_2SNKPHeng
_92366
655 7 _aWar novels
_2SNKPHeng
_93068
700 1 _aFerenčuhová, Mária,
_d1975-
_4trl
_93360
958 _aUP
958 _aLX